| 000 | 00689nam a2200253 a 4500 | ||
|---|---|---|---|
| 001 | 43019 | ||
| 003 | BD-RjUL | ||
| 005 | 20211209053630.0 | ||
| 008 | 790709s1978 enk b 001 0 eng | ||
| 020 | _a0333196880 : | ||
| 035 | _a(BD-RjUL)43137 | ||
| 040 |
_aDLC _cDLC _dBD-RjUL _beng |
||
| 041 | _aeng | ||
| 082 | 0 | 0 |
_a306.3 _223 _bNEW 1978 |
| 245 | 0 | 4 |
_aThe New economic anthropology / _cEdited by John Clammer. |
| 260 |
_aLondon : _bMacmillan, _c1978. |
||
| 300 |
_axiii, 260 p. ; _c22 cm. |
||
| 500 | _aIncludes index. | ||
| 504 | _a. | ||
| 650 | 0 |
_aEconomic anthropology. _9132097 |
|
| 650 | 0 |
_aMarxist anthropology. _9132098 |
|
| 700 | 1 |
_aClammer, J. _9132099 |
|
| 942 |
_2ddc _cBK |
||
| 999 |
_c43019 _d43019 |
||